| 000 | 00357nam a2200133Ia 4500 | ||
|---|---|---|---|
| 008 | 210430s9999 xx 000 0 und d | ||
| 020 | _a978-81-317-1740-0 | ||
| 082 | _a519.4 G354 A | ||
| 100 |
_aCurtis F.Gerald _9102 |
||
| 245 |
_aApplied Numerical Analysis 7th _cCurtis F.Gerald |
||
| 260 |
_aIndia _bDorling _c2008 |
||
| 300 | _a609 p | ||
| 942 |
_cBK _2ddc |
||
| 999 |
_c564920 _d564920 |
||